000 00422nam a2200157 i 4500
001 101267
003 ES-MaACL
005 20230906182848.0
007 t|
008 051017s1918 fr ||||1| fre d
100 1 _aMaurras, Charles.
_979271
245 1 0 _aAthènes antique /
_cCharles Maurras.
260 _aParis :
_bE. de Boccard,
_c1918.
300 _a191 p., 3 h., 23 lám. ;
_c32 cm.
852 _aES-MaACL
_jB-12026
999 _c101267
_d101267